000 00262nam a2200109Ia 4500
008 190216s9999||||xx |||||||||||||| ||und||
100 _aKatyal J C & Dhiman S K
245 0 _aManagement Accounting
260 _bPradeep Pub
_c1982
300 _a548p
942 _cBK
999 _c4987
_d4987